Biggest Cities Beginning With 'F' - Statistics

General Stats
  • This quiz has been taken 57 times
  • The average score is 14 of 64
Answer Stats
Population Country City % Correct
1,112,072 Morocco Fès
92%
650,000 Germany Frankfurt am Main
92%
1,055,964 Sierra Leone Freetown
86%
349,296 Italy Firenze
84%
2,686,612 Brazil Fortaleza
75%
1,392,289 Japan Fukuoka
75%
2,506,595 Pakistan Faisalabad
71%
3,534,500 China Fúzhōu
63%
741,206 United States Fort Worth
57%
494,665 United States Fresno
57%
253,691 United States Fort Wayne
51%
215,966 Germany Freiburg
45%
294,237 Japan Fukushima
45%
165,521 United States Fort Lauderdale
41%
240,014 Japan Fuji
41%
105,549 United States Fargo
29%
508,826 Brazil Florianópolis
29%
6,771,895 China Fóshān
24%
100,847 Portugal Funchal
24%
196,069 United States Fontana
20%
143,986 United States Fort Collins
20%
214,089 United States Fremont
20%
200,564 United States Fayetteville
18%
112,025 Germany Fürth
18%
1,220,229 India Faridabad
16%
116,989 United States Frisco
16%
254,900 Argentina Formosa
14%
102,434 United States Flint
12%
105,321 United States Fairfield
10%
137,032 Italy Foggia
10%
258,248 Brazil Foz do Iguaçu
10%
177,633 Brazil Francisco Morato
10%
1,318,808 China Fŭshùn
10%
780,522 China Fùyáng
10%
619,609 Brazil Feira de Santana
6%
189,879 Madagascar Fianarantsoa
6%
306,409 India Fīrozābād
6%
307,896 Colombia Floridablanca
6%
355,901 Brazil Franca
6%
197,836 Colombia Fuenlabrada
6%
215,237 China Fùjĭn
6%
135,161 United States Fullerton
6%
681,600 China Fúqīng
6%
155,978 Colombia Facatativá
4%
180,200 Paraguay Fernando de la Mora
4%
156,492 Brazil Franco da Rocha
4%
750,283 China Fùxīn
4%
241,152 India Farrukhābād
2%
472,775 China Féichéng
2%
370,000 China Fenghuang
2%
196,500 Brazil Ferraz de Vasconcelos
2%
383,298 Japan Fukuyama
2%
105,086 Colombia Funza
2%
154,143 Colombia Fusagasugá
2%
107,819 Egypt Fāqūs
0%
112,187 Bangladesh Farīdpur
0%
166,480 India Fatehpur
0%
164,844 China Fendou
0%
102,130 India Ferozepur
0%
326,300 China Fúdĭng
0%
394,624 Japan Fujisawa
0%
166,507 China Fuling
0%
164,673 China Fúyú
0%
153,047 India Fyzābād
0%
No matching quizzes found
Score Distribution
Percent of People with Each Score
Percentile by Number Answered
Your Score History
You have not taken this quiz